Statistics for 2019-2020 NFL Playoff Teams

Click here to take the quiz!

General Stats

  • This quiz has been taken 229 times
    (199 since last reset)
  • The average score is 12 of 12

Answer Stats

Group Seed Team % Correct
AFC1Baltimore Ravens
99%
AFC2Kansas City Chiefs
99%
AFC6Tennessee Titans
99%
NFC1San Francisco 49ers
99%
AFC3New England Patriots
98%
AFC4Houston Texans
98%
NFC3New Orleans Saints
98%
NFC2Green Bay Packers
97%
NFC5Seattle Seahawks
96%
NFC4Philadelphia Eagles
94%
NFC6Minnesota Vikings
93%
AFC5Buffalo Bills
89%

Score Distribution

Percentile by Number Answered

Percent of People with Each Score

Your Score History

You have not taken this quiz since the last reset